000 01257nam0a22003851 4500
001 RU\NLR\A1\29557
005 20251203152403.2
035 _a(NLR Aleph) 009682093
090 _a9705899
_c9705899
100 _a20011112d1761 u y0rusy50 ca
101 0 _arus
102 _aRU
200 1 _aХрам славы
210 _a[М.
_cУнив. тип.
_d1761]
215 _a20 с.
_d
300 _aПер. в стихах
305 _aДатировано по объявл. о напеч. кн. и о выходе ее в свет в газ.: Моск. ведомости. 1761. 9 окт. N 81
314 _aПер. М.М.Херасков
321 1 _aСК XVIII 5500
620 _dМосква
700 1 _6z01700
_aПоп
_bА.
_f1688-1744
_gАлександр
_4070
700 1 _6z01700
_aPope
_bA.
_gAlexander
_7ba
702 1 _aХерасков
_bМ.М.
_f1733-1807
_gМихаил Матвеевич
_4730
712 0 2 _aМосковский университет
_bТипография
_4610
801 0 _aRU
_bNLR
_c20011112
899 _aБАН
899 _aГПИБ
899 _aЗНБ ВГУ
899 _aБАН
899 _aГПИБ
899 _aЗНБ ВГУ
942 _cBOOK
980 _aNB
980 _aA1XVIIIv